| 000 | 00733nam a2200205 u 4500 | ||
|---|---|---|---|
| 005 | 20230520064025.0 | ||
| 008 | 090922s1999 cl r 000 0 spa d | ||
| 020 | _a9586980634 | ||
| 035 | _aUPN01000172434 | ||
| 049 | _aCG | ||
| 050 | 4 |
_aD16.4 A4.4 _bA8.4 |
|
| 245 | 0 | 0 |
_aAsí se enseña la historia : _bpara la integración y la cultura de la paz / _ccoord. Eduardo Fabara Garzón. |
| 260 |
_aBogotá : _bConvenio Andrés Bello, _c1999. |
||
| 300 |
_a217 p. : _bcuadros |
||
| 650 | 2 |
_aHistoria _xEstudio y enseñanza _zAmérica Latina _914576 |
|
| 650 | 4 |
_aHISTORIA - _xESTUDIO Y ENSEÑANZA - _zESPAÑA _910434 |
|
| 650 | 4 |
_aHistoria _xPlanes y programas _95916 |
|
| 700 | 1 |
_aFabara Garzón, Eduardo, _ecoord. _935861 |
|
| 905 | _aLibro | ||
| 999 |
_c144538 _d144538 |
||